LIBRARY & INFORMATION CENTRE, KCAET, TAVANUR

ONLINE PUBLIC ACCESS CATALOGUE (OPAC)

Ulysses / (Record no. 990)

MARC details
000 -LEADER
fixed length control field 00364cam a2200157ua 4500
041 ## - LANGUAGE CODE
Language code of text/sound track or separate title eng
082 ## - DEWEY DECIMAL CLASSIFICATION NUMBER
Classification number 823.308
Item number JOY/UL
100 ## - MAIN ENTRY--AUTHOR NAME
Personal name Joyce, James .
245 ## - TITLE STATEMENT
Title Ulysses /
260 ## - PUBLICATION, DISTRIBUTION, ETC. (IMPRINT)
Place of publication London :
Name of publisher The Bodley Head ,
Year of publication 1962.
300 ## - PHYSICAL DESCRIPTION
Number of Pages 939 ; .
942 ## - ADDED ENTRY ELEMENTS (KOHA)
Koha item type Books
Holdings
Withdrawn status Lost status Damaged status Home library Current library Date acquired Full call number Accession Number Koha item type Public note
Withdrawn     KAUAET Malayalam University 07/04/2012 823.308 4769 Books Deleted
Withdrawn     KAUAET Sanskrit University 07/04/2012 823.308 4568 Books  
free website counter